000 00353nam a22001457a 4500
008 250422b ||||| |||| 00| 0 eng d
020 _a9780521578233
041 _aeng
080 _21998
_a101CUS
082 _2101CUS
_a101CUS
100 _a42
101 _aFILOZOFI
245 _aPHILOSOPHICAL CONCEPTS IN PHYSICS
_cJAMES T.CUSHING
942 _2udc
_cBK
999 _c60677
_d60677